Algeny

Αποθηκεύτηκε σε:
Λεπτομέρειες βιβλιογραφικής εγγραφής
Κύριος συγγραφέας: Rifkin, Jeremy
Μορφή: Βιβλίο
Γλώσσα:Undetermined
Έκδοση: New York The Viking Press 1983
Θέματα:
Ετικέτες: Προσθήκη ετικέτας
Δεν υπάρχουν, Καταχωρήστε ετικέτα πρώτοι!
Thư viện lưu trữ: Trung tâm Học liệu Trường Đại học Cần Thơ
LEADER 00457nam a2200181Ia 4500
001 CTU_78330
008 210402s9999 xx 000 0 und d
082 |a 303.4 
082 |b R481 
100 |a Rifkin, Jeremy 
245 0 |a Algeny 
245 0 |c Jeremy Rifkin 
260 |a New York 
260 |b The Viking Press 
260 |c 1983 
650 |a Genetic engineering 
650 |x Social aspects 
980 |a Trung tâm Học liệu Trường Đại học Cần Thơ